LEADER 01118cam0-22003011i-450- 001 990004536490403321 005 20140715093153.0 035 $a000453649 035 $aFED01000453649 035 $a(Aleph)000453649FED01 035 $a000453649 100 $a19990604d1921----km-y0itay50------ba 101 0 $afre 102 $aIT 105 $ay-------001yy 200 1 $a<>vieillesse de Richelieu (1758-1788), d'après les correspondances et mémoires contemporains et d'après des documents inédits [Texte imprimé]$fpar Paul d'Estrée 210 $aParis$cEmil - Paul Frères$d1921 215 $aXIV, 312 p.$d22 cm 606 $aRichelieu, Louis-François-Armand de Vignerot Du Plessis (1696-1788 ; duc de ) 676 $a944.032 700 1$aEstrée,$bPaul d'$f<1838-1922>$0197893 801 0$aIT$bUNINA$gRICA$2UNIMARC 901 $aBK 912 $a990004536490403321 952 $a944.032 EST 1$bR.Bibl. 13645$fFLFBC 959 $aFLFBC 996 $aVieillesse de Richelieu (1758-1788), d'après les correspondances et mémoires contemporains et d'après des documents inédits$9548481 997 $aUNINA LEADER 01029nam0-22003011i-450- 001 990004001090403321 005 20060118110841.0 035 $a000400109 035 $aFED01000400109 035 $a(Aleph)000400109FED01 035 $a000400109 100 $a20040219d1978----km-y0itay50------ba 101 0 $aita 200 1 $aCatalogo delle pubblicazioni del laboratorio delle radiazioni. Istututo Superiore di Sanità. Laboratorio delle Radiazioni$fV. Alberani, F. Cantello, F. Laakso Grisanti 210 $aRoma$cISS$d1978 215 $a74 p.$d29 cm 225 1 $aISS R 78$v2 610 0 $aRifiuti radioattivi 700 1$aAlberani,$bVilma$f<1933-2012>$07705 702 1$aCantello,$bF. 702 1$aLaakso Grisanti,$bF. 801 0$aIT$bUNINA$gRICA$2UNIMARC 901 $aBK 912 $a990004001090403321 952 $a15 F/3-411$fDINID 959 $aDINID 996 $aCatalogo delle pubblicazioni del laboratorio delle radiazioni. Istututo Superiore di Sanità. Laboratorio delle Radiazioni$9472236 997 $aUNINA LEADER 02076nam 2200601 450 001 9910825195603321 005 20230725054654.0 010 $a80-246-2404-4 035 $a(CKB)3710000000095654 035 $a(EBL)3319650 035 $a(SSID)ssj0001328666 035 $a(PQKBManifestationID)11727809 035 $a(PQKBTitleCode)TC0001328666 035 $a(PQKBWorkID)11289936 035 $a(PQKB)11435204 035 $a(MiAaPQ)EBC1996788 035 $a(Au-PeEL)EBL1996788 035 $a(CaPaEBR)ebr10852881 035 $a(OCoLC)908306081 035 $a(EXLCZ)993710000000095654 100 $a20140411h20102010 uy 0 101 0 $acze 135 $aur|n|---||||| 181 $ctxt 182 $cc 183 $acr 200 10$aOsvobozene? C?eskoslovensko oc?ima britske? diplomacie $e(zpra?vy britske? ambasa?dy z Prahy v roce 1945) /$fJan Kukli?k, Jan Ne?mec?ek ; Martin Kova?r?, Vi?t Smetana, recenzenti ; Marie Bernardova?, redakce ; Zdene?k Ziegler, graficka? u?prava 205 $aVyda?ni? prvni?. 210 1$a[Prague, Czech Republic] :$cKarolinum,$d2010. 210 4$d©2010 215 $a1 online resource (550 p.) 300 $aDescription based upon print version of record. 311 $a80-246-1849-4 320 $aIncludes bibliographical references and indexes. 606 $aReconstruction (1939-1951)$zCzechoslovakia 607 $aCzechoslovakia$xForeign relations$y1945-1992 607 $aGreat Britain$xForeign relations$zCzechoslovakia 607 $aCzechoslovakia$xForeign relations$zGreat Britain 615 0$aReconstruction (1939-1951) 676 $a943.7 700 $aKukli?k$b Jan$01627204 702 $aNe?mec?ek$b Jan 702 $aKova?r?$b Martin 702 $aSmetana$b Vi?t 702 $aBernardova?$b Marie 702 $aZiegler$b Zdene?k 801 0$bMiAaPQ 801 1$bMiAaPQ 801 2$bMiAaPQ 906 $aBOOK 912 $a9910825195603321 996 $aOsvobozene? C?eskoslovensko oc?ima britske? diplomacie$94121356 997 $aUNINA